Contracts overruled. (Record no. 60881)
[ view plain ]
| 000 -LEADER | |
|---|---|
| fixed length control field | 01254cam a2200205 4500 |
| 001 - CONTROL NUMBER | |
| control field | ABS61176 |
| 008 - FIXED-LENGTH DATA ELEMENTS--GENERAL INFORMATION | |
| fixed length control field | 000000n1999 000 0 eng u |
| 035 ## - SYSTEM CONTROL NUMBER | |
| System control number | (Sirsi) u101766 |
| 100 ## - MAIN ENTRY--PERSONAL NAME | |
| Personal name | Tolson, S. |
| 245 ## - TITLE STATEMENT | |
| Title | Contracts overruled. |
| 260 ## - PUBLICATION, DISTRIBUTION, ETC. | |
| Date of publication, distribution, etc. | 1999 |
| 490 ## - SERIES STATEMENT | |
| Series statement | Faculty of Building Journal |
| Volume/sequential designation | 8(4) August 1999, 17-19(3) |
| 520 ## - SUMMARY, ETC. | |
| Summary, etc. | Discusses Redland Aggregates v Shepherd Hill which concerned the joining of main and subcontract arbitration under clause 18(2) of the Federation of Civil Engineering Contractors subcontract form, known as the Blue Form. The clause does not stipulate that the employer is to agree to the principle of tripartite arbitration nor does the arbitrator have power to force him to do so, and it does not impose a timetable on the main contractor to invoke the arbitration. However the court held that the natural meaning of the clause provides for tripartite arbitration, and that a reasonable time would be short. |
| 650 ## - SUBJECT ADDED ENTRY--TOPICAL TERM | |
| Topical term or geographic name entry element | REDLAND AGGREGATES V SHEPHERD HILL |
| 650 ## - SUBJECT ADDED ENTRY--TOPICAL TERM | |
| Topical term or geographic name entry element | Contracts |
| 9 (RLIN) | 6232 |
| 650 ## - SUBJECT ADDED ENTRY--TOPICAL TERM | |
| Topical term or geographic name entry element | MANAGEMENT-DISPUTE AVOIDANCE, MANAGEMENT AND RESOLUTION-DISPUTE MANAGEMENT AND RESOLUTION-ARBITRATION |
| 650 ## - SUBJECT ADDED ENTRY--TOPICAL TERM | |
| Topical term or geographic name entry element | ICE MAIN CONTRACT |
| 690 ## - LOCAL SUBJECT ADDED ENTRY--TOPICAL TERM (OCLC, RLIN) | |
| Topical term or geographic name as entry element | BUILT ENVIRONMENT-BUILDING CONTRACT FORMS |
| 942 ## - ADDED ENTRY ELEMENTS (KOHA) | |
| Suppress in OPAC | 0 |
| Withdrawn status | Lost status | Source of classification or shelving scheme | Damaged status | Not for loan | Home library | Current library | Shelving location | Date acquired | Total Checkouts | Full call number | Barcode | Date last seen | Copy number | Price effective from | Koha item type |
|---|---|---|---|---|---|---|---|---|---|---|---|---|---|---|---|
| Dewey Decimal Classification | London | London | Journal article | 11/11/1999 | ABS61176 | 101766-1001 | 06/08/2019 | 1 | 06/08/2019 | Journal article |